00467 2200193 4500001002100000005001500021035002000036008004100056245004400097100001900141250000600160260003600166300001100202084001400213082000800227650001400235990001200249990001200261INLIS00000000000037420240430020551 a0010-0424000350240430 0 ind 1 aGaris Dan Kedudukannya /cDewi Marsiyah aMarsiyah, Dewi a1 aKlaten :bIntan Pariwara,c2015 a68 hlm a510 DEW g a510 4aNon Fiksi a0728585 a0728586